| 000 | 00556nam a2200169 i 4500 | ||
|---|---|---|---|
| 001 | 58394 | ||
| 003 | ES-MaACL | ||
| 005 | 20230906163810.0 | ||
| 007 | t| | ||
| 008 | 031022s1971 sp ||||1| spa d | ||
| 100 | 1 |
_aDurand-Dassier, Jacques. _946262 |
|
| 245 | 1 | 0 |
_aEstructura y psicología de la relación / _cJacques Durand-Dassier ; [traducción por Teresa Martínez Gómez]. |
| 260 |
_a[Madrid : _bEuroamérica, _c1971] ( _fFareso) |
||
| 300 |
_a224 p. ; _c18 cm. |
||
| 700 | 1 |
_aMartínez Gómez, Teresa. _978128 |
|
| 852 |
_aES-MaACL _jC-45440 _bR.78785 |
||
| 999 |
_c58394 _d58394 |
||